Athribis X

Saved in:

Main Author: Sandra Lippert

Format: Book

Language: French

Published: Cairo Institut français d'archéologie orientale 2025

Series: Temples Athribis 10

Subjects:

Tags: Add Tag

No Tags, Be the first to tag this record!

Call Number: DT73 .A9 v.10

LEADER 00638nam a22002177a 4500
003 OSt
005 20260428070105.0
008 260427t2025||||ua oa |||||| ||1 |dfre||
020 |a 9782724710922 
050 1 4 |a DT73  |b .A9 v.10 
100 0 |a Sandra Lippert 
245 1 0 |a Athribis X  |c Sandra Lippert 
264 1 |a Cairo  |b Institut français d'archéologie orientale  |c 2025 
300 |a 392 Pages  |c 28 cm 
490 0 |a Temples Athribis 10 
650 4 |a Athribis (Egypt)—Antiquities 
650 4 |a Egypt—Antiquities 
650 4 |a Inscriptions (Egyptian) 
650 4 |a Les graffiti et dipinti du spéos de Hout-Répit 
942 |2 lcc 
999 |c 61906  |d 61906